|
|
|
|
| LEADER |
01085nam a2200253 a 4500 |
| 001 |
14484088 |
| 008 |
091206s2007 ohua b 001 0 eng d |
| 010 |
|
|
|a \\2006901299
|
| 020 |
|
|
|a 0324321457 (pbk. : student ed.)
|
| 040 |
|
|
|a DLC
|c DLC
|d DLC
|
| 082 |
0 |
0 |
|a 330.09
|2 22
|
| 100 |
1 |
|
|a Brue, Stanley L.,
|d 1945-
|
| 245 |
1 |
4 |
|a The history of economic thought /
|c Stanley L. Brue, Randy R. Grant.
|
| 250 |
|
|
|a 7th ed.
|
| 260 |
|
|
|a Mason, OH :
|b Thomson/South-Western,
|c c2007.
|
| 300 |
|
|
|a xvi, 543 p. :
|b ill. ;
|c 23 cm.
|
| 504 |
|
|
|a Includes bibliographical references and indexes.
|
| 541 |
1 |
|
|e 00015632
|
| 650 |
|
0 |
|a Economics
|x History.
|
| 700 |
1 |
|
|a Grant, Randy R.
|
| 852 |
4 |
|
|a Ayesha Abed Library
|j General shelf
|
| 999 |
|
|
|c 6009
|d 6009
|
| 952 |
|
|
|0 0
|1 0
|2 ddc
|4 0
|6 330_090000000000000_BRU_2007
|7 0
|9 5994
|a BRACUL
|b BRACUL
|c GEN
|d 2009-12-07
|g 1689.00
|l 5
|m 16
|o 330.09 BRU
|p 3010015632
|r 2016-03-28
|s 2016-01-21
|t 1
|w 2009-12-07
|y BK
|
| 952 |
|
|
|0 0
|1 0
|2 ddc
|4 0
|6 330_090000000000000_BRU_2007
|7 0
|9 7163
|a BRACUL
|b BRACUL
|c GEN
|d 2010-01-13
|l 7
|m 45
|o 330.09 BRU
|p 3010019732
|r 2022-06-12
|s 2022-06-06
|t 2
|w 2010-01-13
|y BK
|